| 000 | 00535nam a2200193Ii 4500 | ||
|---|---|---|---|
| 003 | JO-AjNU | ||
| 008 | 230606s9999||||xx |||||||||||||| ||und|| | ||
| 020 | _a978-1-59102-420-0 | ||
| 040 |
_aJO-AjNU _beng _erda _cJO-AjNU |
||
| 041 | _aeng | ||
| 050 | 1 | 4 | _aKF3030.1.L58.2006 |
| 100 | 3 |
_aLITMAN ، JESSICA, _eauthor _91151 |
|
| 245 | 0 | 0 | _aDIGITAL COPYRIGHT |
| 264 | 3 | 1 | _aNEW YORK : PROMETHEUS BOOK ، 2006 |
| 300 | _a216p | ||
| 336 |
_atext _btxt _2rdacontent |
||
| 337 |
_aunmediated _bn _2rdamedia |
||
| 338 |
_avolume _bnc _2rdacarrier |
||
| 999 |
_aE603 _c603 _d603 |
||